书目信息 |
| 题名: |
材料的物理性能
|
|
| 作者: | 龙毅 主编 | |
| 分册: | ||
| 出版信息: | 北京 高等教育出版社 2019 |
|
| 页数: | 210页 | |
| 开本: | 26cm | |
| 丛书名: | 材料科学与工程著作系列 | |
| 单 册: | ||
| 中图分类: | TB303 | |
| 科图分类: | ||
| 主题词: | 工程材料--物理性能 | |
| 电子资源: | ||
| ISBN: | 978-7-04-051245-8 | |
| 000 | 00919nam0 2200241 450 | |
| 001 | 2242317862 | |
| 005 | 20220929114534.21 | |
| 010 | @a978-7-04-051245-8@dCNY28.20 | |
| 100 | @a20190530d2019 em y0chiy50 ea | |
| 101 | 0 | @achi |
| 102 | @aCN@b110000 | |
| 105 | @aa z 000yy | |
| 200 | 1 | @a材料的物理性能@9cai liao de wu li xing neng@f龙毅主编 |
| 210 | @a北京@c高等教育出版社@d2019 | |
| 215 | @a210页@c图@d26cm | |
| 225 | 1 | @a材料科学与工程著作系列 |
| 330 | @a本书共分6章。第1章简明地论述了固体材料中的电子能量结构和状态。第2章至第6章分别介绍了材料的热学性能、导电性能、介电性能、磁学性能和光学性能,内容涵盖了材料各种物理性能的物理学概念及微观机制,材料成分、组织结构与物理性能的关系及主要制约规律。 | |
| 461 | 0 | @12001 @a材料科学与工程著作系列 |
| 606 | 0 | @a工程材料@x物理性能 |
| 690 | @aTB303@v5 | |
| 701 | 0 | @a龙毅@9long yi@c(女,@f1955-)@4主编 |
| 801 | 0 | @aCN@b91MARC@c20190604 |
| 905 | @aZUCC@dTB303@e2 | |
| 材料的物理性能/龙毅主编.-北京:高等教育出版社,2019 |
| 210页:图;26cm.-(材料科学与工程著作系列) |
| ISBN 978-7-04-051245-8:CNY28.20 |
| 本书共分6章。第1章简明地论述了固体材料中的电子能量结构和状态。第2章至第6章分别介绍了材料的热学性能、导电性能、介电性能、磁学性能和光学性能,内容涵盖了材料各种物理性能的物理学概念及微观机制,材料成分、组织结构与物理性能的关系及主要制约规律。 |
| ● |
| 相关链接 |
|
|
|
正题名:材料的物理性能
索取号:TB303/2
 
预约/预借
| 序号 | 登录号 | 条形码 | 馆藏地/架位号 | 状态 | 备注 |
| 1 | 2000906311 | 2000906311 | 第三书库/ [索取号:TB303/2] | 在馆 | |
| 2 | 2000906312 | 2000906312 | 第三书库/ [索取号:TB303/2] | 在馆 | |
| 3 | 2000906313 | 2000906313 | 第三书库/ [索取号:TB303/2] | 在馆 |